Bases para la identificación funcional explícita de las asignaciones para ciencia y tecnología en el presupuesto fiscal y por programas de la República de Costa Rica

Salvato in:
Dettagli Bibliografici
Autore principale: Zeida, Rubén
Natura: testo
Pubblicazione: San José
Tags: Aggiungi Tag
Nessun Tag, puoi essere il primo ad aggiungerne!!

MARC

LEADER 00000 a a2200000 04500
001 21536
003
040
090 |a 095300  
100 |a Zeida, Rubén  
245 |a Bases para la identificación funcional explícita de las asignaciones para ciencia y tecnología en el presupuesto fiscal y por programas de la República de Costa Rica  
260 |a San José  
300 |a 111 p  
999 |c 16524  |d 16524